[Event "BAN-chT (Women)"]
[Site "Dhaka"]
[Date "2021.09.11"]
[Round "4.1"]
[White "Nafisa, Nusrat Zahan"]
[Black "Musfica Zannat, Sawri"]
[Result "0-1"]
[WhiteElo "1367"]
[BlackElo "1281"]
[PlyCount "56"]
[EventDate "2021.09.08"]
[EventType "team-tourn"]
[EventRounds "9"]
[EventCountry "BAN"]
[SourceTitle "CBM 204 Extra"]
[Source "ChessBase"]
[SourceDate "2021.11.30"]
[SourceVersion "1"]
[SourceVersionDate "2021.11.30"]
[SourceQuality "1"]
[WhiteTeam "Sultana Kamal Smirity Pathagar (W)"]
[BlackTeam "Uttara Central CC (W)"]
[WhiteTeamCountry "BAN"]
[BlackTeamCountry "BAN"]

1. e4 c5 2. Nf3 Nc6 3. Nc3 d6 4. d4 cxd4 5. Nxd4 e5 6. Nf3 Nf6 7. Bc4 Be7 8. Ng5 0-0 9. h3 h6 10. Nf3 Be6 11. Nd5 Nxe4 12. 0-0 Nf6 13. Nxe7+ Qxe7 14. Bxe6 fxe6 15. Nh4 Kh7 16. Qd3+ e4 17. Qg3 Ne5 18. f4 exf3 19. Nxf3 Nh5 20. Qe1 Nxf3+ 21. Rxf3 Rxf3 22. gxf3 d5 23. Qe5 Qh4 24. Qh2 Qe1+ 25. Kg2 Qe2+ 26. Kg1 Qxf3 27. Bd2 Rf8 28. Rf1 Qxf1# 0-1

[Event "BAN-ch U20 Girls"]
[Site "Dhaka"]
[Date "2019.05.20"]
[Round "6"]
[White "Warsia, Khusbu"]
[Black "Musfica Zannat, Sawri"]
[Result "1-0"]
[WhiteElo "1076"]
[BlackElo "1336"]
[PlyCount "81"]
[EventDate "2019.05.15"]
[EventType "swiss"]
[EventRounds "8"]
[EventCountry "BAN"]
[SourceTitle "EXT 2020"]
[Source "ChessBase"]
[SourceDate "2019.10.17"]
[SourceVersion "1"]
[SourceVersionDate "2019.10.17"]
[SourceQuality "1"]

1. e4 c5 2. Nf3 d6 3. d4 cxd4 4. Nxd4 Nf6 5. Nc3 a6 6. Be2 e6 7. 0-0 Nbd7 8. Be3 Be7 9. Kh1 0-0 10. f4 Qc7 11. Qe1 b5 12. a3 Re8 13. Bf3 Bb7 14. Qg3 Nc5 15. e5 Nfe4 16. Nxe4 Nxe4 17. Bxe4 Bxe4 18. exd6 Bxd6 19. c3 f5 20. Rad1 Re7 21. Rd2 Rf8 22. Rfd1 Bd5 23. Nxe6 Bxg2+ 24. Rxg2 Rxe6 25. Bb6 Qe7 26. Bd4 Rg6 27. Qe3 Rxg2 28. Kxg2 Re8 29. Qxe7 Rxe7 30. Kf3 Re6 31. Rg1 g6 32. h4 Kf7 33. h5 a5 34. hxg6+ Rxg6 35. Rh1 h6 36. Rh5 Ke6 37. b3 b4 38. cxb4 axb4 39. a4 Bc7 40. Bc5 Ba5 41. Bf8 1-0

[Event "BAN-ch U20 Girls"]
[Site "Dhaka"]
[Date "2018.05.07"]
[Round "3"]
[White "Marufa Azad, Sukanna"]
[Black "Musfica Zannat, Sawri"]
[Result "1-0"]
[WhiteElo "1302"]
[BlackElo "1396"]
[PlyCount "91"]
[EventDate "2018.05.05"]
[EventType "swiss"]
[EventRounds "8"]
[EventCountry "BAN"]
[SourceTitle "CBM 184 Extra"]
[Source "ChessBase"]
[SourceDate "2018.06.28"]
[SourceVersion "1"]
[SourceVersionDate "2018.06.28"]
[SourceQuality "1"]

1. e4 e5 2. Bc4 Nf6 3. d4 Nc6 4. Nf3 Be7 5. dxe5 Nxe4 6. Bxf7+ Kf8 7. Bd5 Nc5 8. 0-0 Nb4 9. Ng5 Nxd5 10. Qf3+ Nf6 11. exf6 gxf6 12. Re1 Ne6 13. Nxe6+ dxe6 14. Bh6+ Ke8 15. Rd1 Bd6 16. Nc3 Rg8 17. Re1 f5 18. Nd5 Qh4 19. Bf4 Bxf4 20. Nxf4 Kf7 21. Re3 Bd7 22. Qh5+ Qxh5 23. Nxh5 Bc6 24. g3 Rae8 25. Nf4 e5 26. Nd3 Be4 27. Nc5 Bxc2 28. Nxb7 Rb8 29. Rc1 Rxb7 30. Rxc2 e4 31. f3 Re8 32. fxe4 Rxe4 33. Kf2 Kg6 34. Kf3 Reb4 35. b3 h5 36. Rc6+ Kg7 37. Re7+ Kf8 38. Rce6 c5 39. Rxb7 Rxb7 40. Rf6+ Rf7 41. Ra6 Rd7 42. Ra5 Rf7 43. Kf4 Ke7 44. Rxa7+ Ke6 45. Rxf7 Kxf7 46. Kxf5 1-0

[Event "BAN-ch U16 Girls 37th"]
[Site "Dhaka"]
[Date "2018.05.01"]
[Round "4"]
[White "Musfica Zannat, Sawri"]
[Black "Srabonti, Akter Jerin"]
[Result "1-0"]
[WhiteElo "1396"]
[BlackElo "1253"]
[PlyCount "61"]
[EventDate "2018.04.28"]
[EventType "swiss"]
[EventRounds "7"]
[EventCountry "BAN"]
[SourceTitle "EXT 2024"]
[Source "ChessBase"]
[SourceDate "2023.10.10"]
[SourceVersion "1"]
[SourceVersionDate "2023.10.10"]
[SourceQuality "1"]

1. d4 d5 2. c4 c6 3. Nc3 Nf6 4. e3 Bf5 5. cxd5 Nxd5 6. Bc4 Nb4 7. e4 Bg6 8. Qb3 e6 9. a3 Qa5 10. Bd2 Nd7 11. Na2 b5 12. Be2 Bxe4 13. axb4 Bxb4 14. Bxb4 Bd5 15. Qxd5 Qxb4+ 16. Nxb4 cxd5 17. Bxb5 a5 18. Na6 Ke7 19. Bxd7 Kxd7 20. Rxa5 Rhc8 21. Ne2 Rc2 22. Nc5+ Rxc5 23. Rxa8 Rc4 24. Ra7+ Ke8 25. Rb7 Ra4 26. 0-0 e5 27. Rc1 Ra8 28. dxe5 Kd8 29. Rxf7 Ke8 30. e6 Rd8 31. Rxg7 1-0

[Event "Shamsher Ali op (Women) 3rd"]
[Site "Dhaka"]
[Date "2018.03.07"]
[Round "6"]
[White "Musfica Zannat, Sawri"]
[Black "Kazi Zarin, Tasnim"]
[Result "1-0"]
[WhiteElo "1328"]
[BlackElo "1537"]
[PlyCount "103"]
[EventDate "2018.03.02"]
[EventType "swiss"]
[EventRounds "7"]
[EventCountry "BAN"]
[SourceTitle "EXT 2020"]
[Source "ChessBase"]
[SourceDate "2019.10.17"]
[SourceVersion "1"]
[SourceVersionDate "2019.10.17"]
[SourceQuality "1"]

1. d4 d5 2. c4 e5 3. e3 dxc4 4. Bxc4 exd4 5. Qxd4 Qxd4 6. exd4 Nc6 7. Nf3 Bg4 8. Ne5 Nxe5 9. dxe5 Ne7 10. 0-0 g6 11. Bg5 Be6 12. Nd2 0-0-0 13. Bb3 Bg7 14. Nf3 Rhe8 15. Rfe1 a6 16. Bf6 Bxf6 17. exf6 Nd5 18. Ng5 Nxf6 19. Bxe6+ fxe6 20. Nxe6 Rd2 21. b3 b6 22. Rac1 Kd7 23. Rxc7+ Kd6 24. Rb7 Kc6 25. Rf7 Ne4 26. f3 Ng5 27. Rf6 Nxe6 28. Rfxe6+ Rxe6 29. Rxe6+ Kc5 30. b4+ Kxb4 31. Rxb6+ Ka5 32. Rb7 h5 33. a3 Rd3 34. Rg7 Rd6 35. Re7 Ka4 36. Re3 Rb6 37. Kf2 Rd6 38. Kg3 g5 39. h4 Rg6 40. hxg5 Rxg5+ 41. Kh3 a5 42. g3 Rb5 43. g4 hxg4+ 44. fxg4 Rb8 45. g5 Rg8 46. Kg4 Rc8 47. g6 Rc1 48. g7 Rg1+ 49. Rg3 Rxg3+ 50. Kxg3 Kxa3 51. g8Q Ka4 52. Qc4+ 1-0